| 000 | 01427nam a22003017i 4500 | ||
|---|---|---|---|
| 999 |
_c23114 _d23114 |
||
| 003 | AR-CdUCM | ||
| 008 | 241108b20152015 pe||||| |||| 00| 0 spa d | ||
| 020 | _a978-612-4075-76-6 | ||
| 040 |
_aMUNICIPALIDAD PROVINCIAL DEL CUSCO _cBIBLIOTECA MUNICIPAL DEL CUSCO |
||
| 041 | _hspa | ||
| 082 |
_a307.72 / F74 _bF74 |
||
| 100 |
_aFonseca, Cesar _950785 |
||
| 245 |
_aKausana Munay. Queriendo la Vida : _bSistemas económicos en las comunidades campesinas del Perú / |
||
| 260 |
_aLima : _bEditorial del Congreso del Perú _c2015 |
||
| 300 |
_a374 páginas. : _c23 cm |
||
| 500 | _zBibliografía: páginas 349 - 374 | ||
| 505 | _aSistemas económicos en las comunidades campesinas del Perú -- Continuidad del ideal del uso vertical de las ecologías -- Intercambio tradicional y mercado moderno -- Estratificación social y los programas del desarrollo comunal -- Sistemas agrarios en la cuenca del río Cañete -- De la hacienda a la comunidad: el impacto de la Reforma Agraria en la provincia de Paucartambo, Cusco -- Cultura, mercados y economías campesinas en los Andes -- Comunidad, ecología y desarrollo | ||
| 650 |
_aEconomía _9382 |
||
| 650 |
_aComunidad _940 |
||
| 650 |
_aTrabajo _94726 |
||
| 650 |
_aHaciendas _96478 |
||
| 650 |
_aAgricultura _9320 |
||
| 650 |
_aComercio _9322 |
||
| 650 |
_aMercado _942 |
||
| 700 |
_aMayer, Enrique _94404 |
||
| 942 |
_2ddc _cLIBROS |
||
| 945 |
_apbj _d08-11-2024 |
||